00477nam a22001457a 4500082001400000100001900014245007600033260003200109300002900141500005700170563000700227700002500234700001500259856005700274 aBEE-4 TAH aMuhammad Tahir aExploring smart ways for energy harvesting for wireless sensor networks aIslamabadbNUST-SEECSc2016 a72p.b27cm.eCD Includes aSupervisors: DR. Osman Hasan, Dr. Farooq Ahmad Tahir aHB aIbraheem Bin Mehmood aUsman Asif uhttp://10.250.8.41:8080/xmlui/handle/123456789/10700